000 00964cam a22002653a 4500
001 2539
003 PGUSA
005 20140828083016.0
008 010301s2001||||xxu|||||s|||||000 | eng d
040 _aPGUSA
_beng
042 _adc
050 4 _aDS
100 1 _aWallace, Alfred Russel,
_d1823-1913
245 1 4 _aThe Malay Archipelago, Volume 2 :
_bThe Land of the Orang-utan and the Bird of Paradise; A Narrative of Travel, with Studies of Man and Nature
_h[electronic resource] /
_cAlfred Russel Wallace
260 _bProject Gutenberg,
_c2001
506 _aPublic domain in the USA.
516 _aElectronic text
653 _aEthnology -- Malay Archipelago
653 _aWallace, Alfred Russel, 1823-1913 -- Travel -- Malay Archipelago
653 _aNatural history -- Malay Archipelago
653 _aMalay Archipelago -- Description and travel
830 0 _aProject Gutenberg
_v2539
856 4 0 _uhttp://www.gutenberg.org/ebooks/2539
942 _cEB
999 _c231876
_d231876